[Event "ESCC 2014 - 50+ Rapid"]
[Site "Porto POR"]
[Date "2014.03.19"]
[Round "4.5"]
[White "Furman, Boris"]
[Black "Gurieli, Nino"]
[Result "1/2-1/2"]
[WhiteElo "2225"]
[BlackElo "2298"]
[PlyCount "98"]
[EventDate "2014.??.??"]

1. d4 d6 2. c4 Nf6 3. Nc3 g6 4. Nf3 Bg7 5. Bg5 O-O 6. e3 h6 7. Bh4 Bf5 8. Bd3
Bxd3 9. Qxd3 Nc6 10. O-O Nb4 11. Qe2 c5 12. d5 Rb8 13. Nd2 Nd7 14. Kh1 f5 15.
f4 Kh7 16. a3 Na6 17. e4 fxe4 18. Qxe4 Nf6 19. Qd3 Nc7 20. Rae1 Qd7 21. Nde4
Nxe4 22. Qxe4 Rf7 23. Rf3 Bf6 24. Bxf6 exf6 25. f5 gxf5 26. Qxf5+ Qxf5 27. Rxf5
Kg6 28. g4 a6 29. a4 b5 30. axb5 axb5 31. cxb5 Nxb5 32. Nxb5 Rxb5 33. Re6 Rxb2
34. Rxd6 Rb4 35. h3 Rb3 36. Kg2 c4 37. Rc6 c3 38. Rf3 Rb2+ 39. Kg3 c2 40. h4
Rb5 41. h5+ Kg7 42. Rd3 Rd7 43. Rxc2 Rbxd5 44. Rxd5 Rxd5 45. Rc7+ Kg8 46. Kf4
Ra5 47. Rd7 Rb5 48. Ke4 Rg5 49. Kf4 Rb5 1/2-1/2

[Event "ESCC 2014 - 50+ Rapid"]
[Site "Porto POR"]
[Date "2014.03.19"]
[Round "4.6"]
[White "Chireykina, Natalia"]
[Black "Strutinskaia, Galina"]
[Result "0-1"]
[WhiteElo "1891"]
[BlackElo "2338"]
[PlyCount "46"]
[EventDate "2014.??.??"]

1. e4 c5 2. Nf3 e6 3. d4 cxd4 4. Nxd4 Nf6 5. Bd3 Nc6 6. Nb3 d5 7. exd5 exd5 8.
O-O Bg4 9. Re1+ Be7 10. f3 Be6 11. Qe2 O-O 12. Nc3 Re8 13. Bf4 a6 14. Kh1 Nh5
15. Bd2 Bh4 16. Rg1 Ng3+ 17. hxg3 Bxg3 18. Bxh7+ Kxh7 19. Qd3+ Kg8 20. Rgd1
Qh4+ 21. Kg1 Qh2+ 22. Kf1 Bf5 23. Ne4 Qh1+ 0-1

[Event "ESCC 2014 - 50+ Rapid"]
[Site "Porto POR"]
[Date "2014.03.19"]
[Round "4.7"]
[White "Baliuniene, Margarita"]
[Black "Bebchuk, Boris"]
[Result "0-1"]
[WhiteElo "1870"]
[BlackElo "2126"]
[PlyCount "106"]
[EventDate "2014.??.??"]

1. d4 Nf6 2. c4 e6 3. Nc3 Bb4 4. e3 O-O 5. Bd3 b6 6. Nge2 Bb7 7. O-O Re8 8. a3
Bf8 9. e4 d6 10. b4 c5 11. d5 exd5 12. exd5 Nbd7 13. f4 Ng4 14. Ne4 Qh4 15. h3
Ndf6 16. Nxf6+ Nxf6 17. Qc2 cxb4 18. axb4 b5 19. Bd2 bxc4 20. Bxc4 Bxd5 21.
Bxd5 Nxd5 22. Qd3 Nb6 23. Nd4 d5 24. Nc6 Re4 25. Rxa7 Rae8 26. Ne5 f6 27. Nf3
Qg3 28. Ne1 Qxd3 29. Nxd3 Rd4 30. Rf3 Re2 31. Bc3 Rc4 32. Ra3 d4 33. Be1 Nd5
34. Rf2 Re8 35. Ra1 h5 36. Rb1 Nc3 37. Bxc3 dxc3 38. b5 Rd8 39. Rf3 c2 40. Rc1
Ba3 41. Ra1 Rxd3 42. Rxd3 c1=Q+ 43. Rxc1 Bxc1 44. Rb3 Bxf4 45. b6 Rc8 46. b7
Rb8 47. Kf2 Kf7 48. Kf3 Be5 49. g4 hxg4+ 50. hxg4 Ke6 51. Ke4 Kd6 52. Rb1 Kc6
53. g5 Rxb7 0-1

[Event "ESCC 2014 - 50+ Rapid"]
[Site "Porto POR"]
[Date "2014.03.19"]
[Round "4.8"]
[White "Jenssen, Ove S"]
[Black "Silva, Rui Almeida"]
[Result "1-0"]
[WhiteElo "1872"]
[BlackElo "1804"]
[PlyCount "39"]
[EventDate "2014.??.??"]

1. e4 e5 2. f4 Nc6 3. Nf3 d6 4. Bc4 Bg4 5. c3 Nf6 6. d3 Be7 7. O-O O-O 8. Na3
a6 9. Nc2 Re8 10. Ne3 Bxf3 11. Qxf3 Bf8 12. Nf5 g6 13. Ng3 Bg7 14. f5 Qe7 15.
Bg5 h6 16. fxg6 hxg5 17. gxf7+ Kf8 18. Qf5 Red8 19. Qg6 b5 20. Nf5 1-0

[Event "ESCC 2014 - 50+ Rapid"]
[Site "Porto POR"]
[Date "2014.03.19"]
[Round "5.1"]
[White "Arkell, Keith C"]
[Black "Kalegin, Evgenij"]
[Result "1/2-1/2"]
[WhiteElo "2404"]
[BlackElo "2490"]
[PlyCount "25"]
[EventDate "2014.??.??"]

1. d4 Nf6 2. Nf3 g6 3. c4 Bg7 4. g3 O-O 5. Bg2 c5 6. Nc3 cxd4 7. Nxd4 Nc6 8.
O-O Ng4 9. e3 Nge5 10. b3 d6 11. h3 Nxd4 12. exd4 Nc6 13. Be3 1/2-1/2

[Event "ESCC 2014 - 50+ Rapid"]
[Site "Porto POR"]
[Date "2014.03.19"]
[Round "5.2"]
[White "Fernandes, Antonio"]
[Black "Maryasin, Boris"]
[Result "1-0"]
[WhiteElo "2419"]
[BlackElo "2305"]
[PlyCount "99"]
[EventDate "2014.??.??"]

1. d4 d5 2. c4 dxc4 3. e3 e5 4. Bxc4 Nc6 5. Nf3 exd4 6. exd4 Bb4+ 7. Nc3 Nf6 8.
O-O O-O 9. h3 h6 10. Re1 Re8 11. Rxe8+ Qxe8 12. Bf4 Bd6 13. Qd2 Bf5 14. Re1 Qd7
15. Ne5 Bxe5 16. dxe5 Qxd2 17. Bxd2 Nd7 18. f4 Nb6 19. Bf1 Nd4 20. Kf2 c5 21.
g4 Be6 22. Bg2 Rd8 23. Bc1 Nc2 24. Rd1 Rxd1 25. Nxd1 Bxa2 26. Nc3 Bc4 27. Bxb7
Nb4 28. Be3 g5 29. fxg5 hxg5 30. Kg3 Nd3 31. Ne4 Kg7 32. Nxc5 Bd5 33. Bxd5 Nxd5
34. Nxd3 Nxe3 35. Kf3 Nc4 36. Ke4 Kg6 37. Kd5 Ne3+ 38. Kc6 Nc4 39. Kb5 Ne3 40.
Ka6 f5 41. exf6 Kxf6 42. Kxa7 Ke6 43. b4 Kd5 44. b5 Nc4 45. b6 Nd6 46. b7 Nxb7
47. Kxb7 Ke4 48. Nc5+ Kd5 49. Kb6 Ke5 50. Kc6 1-0

[Event "ESCC 2014 - 50+ Rapid"]
[Site "Porto POR"]
[Date "2014.03.19"]
[Round "5.3"]
[White "Sturua, Zurab"]
[Black "Furman, Boris"]
[Result "1-0"]
[WhiteElo "2525"]
[BlackElo "2225"]
[PlyCount "125"]
[EventDate "2014.??.??"]

1. c4 e6 2. Nc3 d5 3. d4 Nf6 4. cxd5 exd5 5. Bg5 Bb4 6. e3 h6 7. Bh4 g5 8. Bg3
Ne4 9. Nge2 h5 10. h4 Nxg3 11. Nxg3 gxh4 12. Nxh5 Qg5 13. Nf4 c6 14. Bd3 Bd6
15. Nce2 Bg4 16. f3 Be6 17. Qb3 b5 18. g4 h3 19. Rh2 Qh4+ 20. Kd2 Qf6 21. Rah1
Nd7 22. Rxh3 Rxh3 23. Rxh3 O-O-O 24. Qc2 Kb7 25. Kc1 Nb6 26. Qd2 Nc4 27. Bxc4
bxc4 28. Qe1 Rh8 29. Qh1 Rxh3 30. Qxh3 c5 31. Qh2 cxd4 32. Nxd4 Qe5 33. Qd2 Bd7
34. a3 Bc5 35. Kb1 Bb6 36. Ka2 a5 37. Kb1 Ba4 38. Nf5 Bc6 39. Qc3 Qxc3 40. bxc3
Bc5 41. Kb2 Kc7 42. Nd4 Bb7 43. Nfe2 Bc8 44. Ng3 Kd6 45. Ngf5+ Kc7 46. Nh6 Be6
47. g5 Kd6 48. f4 Ke7 49. Ng8+ Kf8 50. Nf6 Kg7 51. f5 Bxd4 52. cxd4 Bxf5 53.
Nxd5 Be6 54. Nf4 Bc8 55. Kc3 Ba6 56. e4 Kf8 57. d5 Ke7 58. Kd4 Kd7 59. Ne2 Ke7
60. e5 Kd7 61. Nc3 Kc7 62. Ne4 Kd8 63. Nd2 1-0

[Event "ESCC 2014 - 50+ Rapid"]
[Site "Porto POR"]
[Date "2014.03.19"]
[Round "5.4"]
[White "Gurieli, Nino"]
[Black "Kasoshvili, Tsiala"]
[Result "1/2-1/2"]
[WhiteElo "2298"]
[BlackElo "2112"]
[PlyCount "132"]
[EventDate "2014.??.??"]

1. e4 c6 2. c4 g6 3. d4 d6 4. Nc3 Bg7 5. Nf3 Nf6 6. Bg5 O-O 7. Qd2 a6 8. Be2
Qc7 9. h3 b5 10. e5 b4 11. exf6 bxc3 12. Qxc3 exf6 13. Bf4 Re8 14. c5 Qe7 15.
O-O dxc5 16. dxc5 f5 17. Qb3 Qxc5 18. Bc4 Be6 19. Rac1 Bxc4 20. Rxc4 Qa5 21.
Ra4 Qd5 22. Qc2 c5 23. Rd1 Qc6 24. Rc4 Nd7 25. b4 Re4 26. Rd6 Rxc4 27. Qxc4 Qa4
28. Qd5 Ra7 29. Ng5 Nf8 30. Qxc5 Rb7 31. Qd5 Qxb4 32. Bd2 Qb1+ 33. Kh2 Qb5 34.
Qxb5 axb5 35. Bb4 h6 36. Nf3 Ne6 37. Rd5 Kh7 38. g3 f4 39. g4 g5 40. Kg2 Nf8
41. Nd2 Nd7 42. Nb3 Nf6 43. Rf5 Ne4 44. Kf3 Nc3 45. a3 Na2 46. Na5 Rb6 47. Rxf7
Kg8 48. Rc7 Nxb4 49. axb4 Rd6 50. Nc6 Rd2 51. Rb7 Rc2 52. Ne7+ Kf8 53. Ng6+ Kg8
54. Ne7+ Kf8 55. Nf5 Bc3 56. Rc7 Rc1 57. Nd6 Bd2 58. Rxc1 Bxc1 59. Nxb5 Bd2 60.
Nd6 Bxb4 61. Nf5 Kf7 62. Nxh6+ Kg6 63. Nf5 Bc5 64. h4 gxh4 65. Nxh4+ Kg5 66.
Ng2 Bxf2 1/2-1/2

[Event "ESCC 2014 - 50+ Rapid"]
[Site "Porto POR"]
[Date "2014.03.19"]
[Round "5.5"]
[White "Strutinskaia, Galina"]
[Black "Bebchuk, Boris"]
[Result "1-0"]
[WhiteElo "2338"]
[BlackElo "2126"]
[PlyCount "77"]
[EventDate "2014.??.??"]

1. d4 Nf6 2. c4 e6 3. Nc3 d5 4. Bg5 Be7 5. e3 O-O 6. Qc2 Nbd7 7. Nf3 c6 8. h3
h6 9. Bf4 Re8 10. g4 dxc4 11. Bxc4 Nd5 12. Bxd5 exd5 13. h4 Nf8 14. g5 h5 15.
Ne5 g6 16. f3 Be6 17. O-O-O Qa5 18. Rh2 Rac8 19. Qa4 Qxa4 20. Nxa4 b6 21. Nc3
Red8 22. Rhd2 Bb4 23. a3 Be7 24. Kb1 Kg7 25. e4 dxe4 26. fxe4 Bb3 27. Re1 Ne6
28. Be3 Bd6 29. Nf3 Bf4 30. d5 Bxe3 31. Rxe3 cxd5 32. exd5 Nf4 33. Re5 Rc5 34.
d6 Rc6 35. Nb5 Ne6 36. d7 Ba4 37. Nbd4 Rc7 38. Rxe6 Rcxd7 39. Re3 1-0

[Event "ESCC 2014 - 50+ Rapid"]
[Site "Porto POR"]
[Date "2014.03.19"]
[Round "5.6"]
[White "Mednikova, Svetlana"]
[Black "Bogumil, Tatiana"]
[Result "1/2-1/2"]
[WhiteElo "2094"]
[BlackElo "2162"]
[PlyCount "91"]
[EventDate "2014.??.??"]

1. e4 e5 2. Nf3 Nc6 3. Bb5 a6 4. Ba4 Nf6 5. O-O Be7 6. d3 b5 7. Bb3 d6 8. c3
O-O 9. a4 Bb7 10. axb5 axb5 11. Rxa8 Qxa8 12. Na3 b4 13. Nc4 bxc3 14. bxc3 Na5
15. Nxa5 Qxa5 16. Qd2 Qb6 17. Bc4 Ba6 18. Bxa6 Qxa6 19. h3 Rb8 20. Qc2 Qb5 21.
d4 Nd7 22. Be3 h6 23. Nd2 Qa6 24. Rb1 Rxb1+ 25. Qxb1 exd4 26. cxd4 c5 27. dxc5
dxc5 28. Qb3 Bd6 29. g3 Ne5 30. Kg2 Qc6 31. Qd5 Qxd5 32. exd5 Kf8 33. f4 Nd3
34. Kf3 f5 35. Nc4 Ke7 36. Ke2 Nb4 37. Nb6 Kd8 38. Na4 c4 39. Bd4 Nxd5 40. Bxg7
h5 41. Nc3 Nxc3+ 42. Bxc3 Ke7 43. Kf3 Ke6 44. g4 hxg4+ 45. hxg4 fxg4+ 46. Kxg4
1/2-1/2

[Event "ESCC 2014 - 50+ Rapid"]
[Site "Porto POR"]
[Date "2014.03.19"]
[Round "5.7"]
[White "Morais, Vitor"]
[Black "Baliuniene, Margarita"]
[Result "1/2-1/2"]
[WhiteElo "2081"]
[BlackElo "1870"]
[PlyCount "165"]
[EventDate "2014.??.??"]

1. Nf3 Nf6 2. g3 d6 3. Bg2 e5 4. d3 g6 5. O-O Bg7 6. c4 O-O 7. Nc3 c6 8. Rb1 a5
9. a3 Nbd7 10. b4 axb4 11. axb4 d5 12. cxd5 cxd5 13. e3 Re8 14. Nd2 Nb6 15. Nb3
Qc7 16. Bb2 Bg4 17. Qd2 Rad8 18. Rfc1 Qd7 19. Nc5 Qe7 20. h3 Bc8 21. Nb5 e4 22.
Bd4 exd3 23. Nxd3 Nc4 24. Qc3 Be6 25. Na3 Rc8 26. Nxc4 Rxc4 27. Qb2 Bf5 28. Bf1
Rec8 29. Bc5 Qe6 30. Nf4 Rxf4 31. exf4 Bxb1 32. Qxb1 Ne4 33. Re1 Qc6 34. Be3 d4
35. Bxd4 Nd2 36. Bg2 Nxb1 37. Bxc6 Bxd4 38. Bxb7 Rb8 39. Rxb1 Rxb7 40. b5 Kg7
41. Kg2 Kf6 42. Kf3 Bb6 43. Rc1 Ke7 44. g4 Rc7 45. Re1+ Kd6 46. Re2 Rc3+ 47.
Kg2 Rb3 48. Re5 f6 49. Re8 Rxb5 50. Rh8 Rb2 51. Rxh7 Rxf2+ 52. Kg3 Ra2 53. Rg7
Ra3+ 54. Kg2 Ke6 55. Rxg6 Kf7 56. f5 Bc7 57. h4 Rg3+ 58. Kf2 Rh3 59. h5 Bf4 60.
Kg2 Rh2+ 61. Kg1 Rh4 62. Kg2 Bg5 63. Kg3 Kf8 64. Kf3 Rh1 65. Kg2 Rh4 66. Kg3
Kf7 67. Kf3 Rh1 68. Kg2 Ra1 69. Kg3 Ra3+ 70. Kg2 Ra2+ 71. Kg3 Ra3+ 72. Kg2 Ra4
73. Kg3 Bf4+ 74. Kf3 Bg5 75. Kg3 Ra3+ 76. Kg2 Ra8 77. Kg3 Rh8 78. Kf3 Rh6 79.
Ke4 Rxg6 80. fxg6+ Kg7 81. Kf5 Bh6 82. Ke6 Bg5 83. Kf5 1/2-1/2

[Event "ESCC 2014 - 50+ Rapid"]
[Site "Porto POR"]
[Date "2014.03.19"]
[Round "5.8"]
[White "Silva, Rui Almeida"]
[Black "Chireykina, Natalia"]
[Result "1/2-1/2"]
[WhiteElo "1804"]
[BlackElo "1891"]
[PlyCount "84"]
[EventDate "2014.??.??"]

1. e4 c5 2. Nf3 Nc6 3. d4 cxd4 4. Nxd4 g6 5. Nxc6 dxc6 6. Qxd8+ Kxd8 7. Bc4 e6
8. O-O Bg7 9. Bg5+ f6 10. Bh4 Kc7 11. Nd2 b5 12. Bb3 a5 13. c3 Ne7 14. Rad1 e5
15. Rfe1 g5 16. Bg3 Ng6 17. f3 Nf4 18. Bxf4 gxf4 19. Bc2 Bf8 20. Kf1 Be6 21. a3
Bc5 22. Nb3 Bb6 23. Rd2 Be3 24. Rdd1 Rhg8 25. Na1 Rg7 26. Bb3 Bd7 27. Nc2 Bc5
28. Rd2 Rag8 29. Bxg8 Rxg8 30. Red1 Be6 31. b4 Bc4+ 32. Ke1 axb4 33. axb4 Bb6
34. Rd7+ Kc8 35. R1d2 Be3 36. Nxe3 fxe3 37. R2d6 Rxg2 38. Rd8+ Kb7 39. R6d7+
Kb6 40. Rb8+ Ka6 41. Ra8+ Kb6 42. Rb8+ Ka6 1/2-1/2

[Event "ESCC 2014 - 50+ Rapid"]
[Site "Porto POR"]
[Date "2014.03.20"]
[Round "6.1"]
[White "Kalegin, Evgenij"]
[Black "Fernandes, Antonio"]
[Result "1/2-1/2"]
[WhiteElo "2490"]
[BlackElo "2419"]
[PlyCount "86"]
[EventDate "2014.??.??"]

1. e4 e5 2. Nf3 Nf6 3. Nxe5 d6 4. Nf3 Nxe4 5. Bd3 d5 6. O-O Be7 7. c4 Nf6 8.
cxd5 Qxd5 9. Be2 O-O 10. d4 Bg4 11. h3 Bf5 12. Nc3 Qd6 13. Ne5 c6 14. Bf4 Qd8
15. Bf3 Na6 16. d5 cxd5 17. Nxd5 Nxd5 18. Bxd5 Nc5 19. Qf3 Qb6 20. Be3 Be6 21.
Nc4 Qb5 22. Bxe6 Nxe6 23. b3 Rac8 24. Rad1 b6 25. Qe4 Qc6 26. Qxc6 Rxc6 27. Rd7
Rc7 28. Rfd1 Rfc8 29. f4 g6 30. g4 Bc5 31. Bxc5 Nxc5 32. R7d5 Re8 33. Rd8 Kf8
34. Rxe8+ Kxe8 35. f5 Ke7 36. Kg2 gxf5 37. Ne3 Ke6 38. Nxf5 Ne4 39. Re1 Kd5 40.
Ne3+ Kd4 41. Nf5+ Kd5 42. Ne3+ Kd4 43. Nf5+ Kd5 1/2-1/2

[Event "ESCC 2014 - 50+ Rapid"]
[Site "Porto POR"]
[Date "2014.03.20"]
[Round "6.2"]
[White "Strutinskaia, Galina"]
[Black "Arkell, Keith C"]
[Result "1-0"]
[WhiteElo "2338"]
[BlackElo "2404"]
[PlyCount "95"]
[EventDate "2014.??.??"]

1. d4 Nf6 2. c4 e6 3. Nc3 Bb4 4. f3 c5 5. a3 Bxc3+ 6. bxc3 Nh5 7. Nh3 f5 8. e4
fxe4 9. fxe4 Qh4+ 10. Nf2 O-O 11. g3 Qf6 12. Be3 Qf7 13. Be2 Nf6 14. e5 Ne8 15.
O-O Qe7 16. Ne4 Rxf1+ 17. Qxf1 cxd4 18. Bg5 Qf7 19. Qxf7+ Kxf7 20. Rf1+ Kg6 21.
Bd3 Nc6 22. cxd4 Nxd4 23. h4 Nf5 24. g4 h6 25. Bd2 d5 26. gxf5+ exf5 27. Ng3
dxc4 28. Bxc4 Nc7 29. Bd3 Ne6 30. Rxf5 Kh7 31. Rf8+ g6 32. Rf6 Nc5 33. Bxg6+
Kg8 34. Bxh6 Bg4 35. Rf4 Be6 36. Ne4 Nxe4 37. Bxe4 Rb8 38. Rf6 Bc4 39. e6 Re8
40. e7 Bf7 41. Bf8 b5 42. Rh6 a6 43. h5 Rb8 44. Bh7+ Kh8 45. Bg6+ Kg8 46. Rh7
Bxg6 47. hxg6 a5 48. Bg7 1-0

[Event "ESCC 2014 - 50+ Rapid"]
[Site "Porto POR"]
[Date "2014.03.20"]
[Round "6.3"]
[White "Kasoshvili, Tsiala"]
[Black "Sturua, Zurab"]
[Result "0-1"]
[WhiteElo "2112"]
[BlackElo "2525"]
[PlyCount "128"]
[EventDate "2014.??.??"]

1. d4 d6 2. Nf3 Bg4 3. Nbd2 Nd7 4. g3 c6 5. Bg2 Ngf6 6. O-O e6 7. b3 Be7 8. Bb2
O-O 9. h3 Bh5 10. c4 d5 11. Rc1 a5 12. Re1 a4 13. Bc3 axb3 14. axb3 Qb6 15. Ra1
h6 16. Qc1 Bg6 17. Qb2 Ne4 18. Nxe4 Bxe4 19. Nd2 Bxg2 20. Kxg2 f5 21. e3 Nf6
22. Rxa8 Rxa8 23. Ra1 Qd8 24. c5 Nd7 25. Ra2 e5 26. b4 e4 27. Qa1 Rxa2 28. Qxa2
Nf8 29. Qa7 Qc8 30. Nb3 Bd8 31. Qa4 Qd7 32. Qa8 Kf7 33. Nc1 Ne6 34. Ne2 g5 35.
Bd2 Bf6 36. Nc3 f4 37. Qb8 f3+ 38. Kh2 Qc7 39. Qxc7+ Nxc7 40. Bc1 Ke6 41. Bb2
Bd8 42. Bc1 Kd7 43. Kg1 Kc8 44. Kf1 h5 45. Bd2 Kb8 46. Be1 Ka7 47. Bd2 Ka6 48.
Bc1 Nb5 49. Na4 g4 50. hxg4 hxg4 51. Bb2 Na7 52. Nc3 b6 53. Bc1 bxc5 54. bxc5
Ba5 55. Nb1 Kb5 56. Bd2 Bc7 57. Be1 Ka4 58. Kg1 Nb5 59. Kf1 Kb3 60. Kg1 Kc2 61.
Nd2 Kd1 62. Kf1 Na3 63. Nb3 Nc4 64. Bb4 Kc2 0-1

[Event "ESCC 2014 - 50+ Rapid"]
[Site "Porto POR"]
[Date "2014.03.20"]
[Round "6.4"]
[White "Maryasin, Boris"]
[Black "Gurieli, Nino"]
[Result "0-1"]
[WhiteElo "2305"]
[BlackElo "2298"]
[PlyCount "47"]
[EventDate "2014.??.??"]

1. e4 g6 2. d4 Bg7 3. Nc3 c6 4. Nf3 d6 5. h3 Nf6 6. Be3 O-O 7. a4 Nbd7 8. Qd2
e5 9. Be2 exd4 10. Bxd4 Re8 11. Qf4 d5 12. e5 Nh5 13. Qh2 c5 14. Bxc5 Nxc5 15.
g4 d4 16. Rd1 Ne6 17. gxh5 Qa5 18. h6 Bh8 19. Nxd4 Nxd4 20. Rxd4 Bxe5 21. b4
Qc7 22. Re4 Qxc3+ 23. Kf1 Bf5 24. Re3 0-1

[Event "ESCC 2014 - 50+ Rapid"]
[Site "Porto POR"]
[Date "2014.03.20"]
[Round "6.5"]
[White "Furman, Boris"]
[Black "Mednikova, Svetlana"]
[Result "1-0"]
[WhiteElo "2225"]
[BlackElo "2094"]
[PlyCount "117"]
[EventDate "2014.??.??"]

1. d4 e6 2. c4 f5 3. Nc3 Nf6 4. e3 d5 5. Bd3 c6 6. f3 Bd6 7. Nge2 O-O 8. Qc2
Kh8 9. O-O dxc4 10. Bxc4 e5 11. dxe5 Bxe5 12. Nf4 Qe7 13. Bd3 g6 14. Nce2 Nbd7
15. Bd2 Nc5 16. Bc4 Be6 17. Nxe6 Nxe6 18. Bc3 Bxc3 19. Qxc3 Ng7 20. Nf4 g5 21.
Nh3 h6 22. Rfe1 Rad8 23. Nf2 Nd5 24. Qb3 b5 25. Bf1 Qb4 26. Qxb4 Nxb4 27. Rac1
Rd2 28. a3 Nc2 29. Red1 Rfd8 30. Rxc2 Rxd1 31. Nxd1 Rxd1 32. Rxc6 Kh7 33. Rc2
a5 34. Kf2 b4 35. axb4 axb4 36. Bc4 h5 37. Ke2 Rh1 38. h3 h4 39. Kd3 Rd1+ 40.
Rd2 Rc1 41. Bd5 Ne8 42. e4 Nf6 43. Be6 fxe4+ 44. fxe4 Kg6 45. Bf5+ Kf7 46. e5
Nd5 47. Ke4 Nf4 48. Rd7+ Ke8 49. Rb7 Re1+ 50. Kd4 Nxg2 51. Rxb4 Rd1+ 52. Kc5
Ne3 53. Rb8+ Ke7 54. Rb7+ Kf8 55. Be4 g4 56. hxg4 Nxg4 57. e6 Rc1+ 58. Kd6 Re1
59. e7+ 1-0

[Event "ESCC 2014 - 50+ Rapid"]
[Site "Porto POR"]
[Date "2014.03.20"]
[Round "6.6"]
[White "Bogumil, Tatiana"]
[Black "Jenssen, Ove S"]
[Result "1-0"]
[WhiteElo "2162"]
[BlackElo "1872"]
[PlyCount "125"]
[EventDate "2014.??.??"]

1. Nf3 f5 2. c4 Nf6 3. g3 g6 4. b3 Bg7 5. Bb2 O-O 6. Bg2 c6 7. O-O Na6 8. d3 d6
9. d4 Re8 10. Nc3 e5 11. dxe5 dxe5 12. Qxd8 Rxd8 13. Nxe5 Rd2 14. Rab1 Be6 15.
Nf3 Rxb2 16. Rxb2 Ne4 17. Nxe4 fxe4 18. Rd2 exf3 19. Bxf3 Kf7 20. h4 Ke7 21.
Rfd1 Nc5 22. Kg2 Bc3 23. Rc2 Bb4 24. g4 Rd8 25. Rxd8 Kxd8 26. Rc1 Ke7 27. Rd1
Nd7 28. g5 Ne5 29. Be4 Bc5 30. e3 Ng4 31. Kf3 Ne5+ 32. Ke2 Ng4 33. Rh1 Ne5 34.
f3 Nf7 35. h5 Nxg5 36. hxg6 hxg6 37. Bxg6 b5 38. cxb5 cxb5 39. Bd3 a6 40. Rh5
Kf6 41. Rh6+ Ke7 42. Rh5 Kf6 43. Rh6+ Ke7 44. Rg6 Nf7 45. f4 Nh8 46. Rg7+ Nf7
47. Kf3 Kf6 48. Rg6+ Ke7 49. e4 Bd4 50. Rg2 Bh3 51. Rh2 Be6 52. Rc2 Bb6 53. Rc6
Bd8 54. Rxa6 b4 55. Ra7+ Kd6 56. Rb7 Kc5 57. Ke3 Nd6 58. Rb8 Bh4 59. Rh8 Be1
60. Rh6 Bg4 61. Rg6 Bd1 62. Rg5+ Kc6 63. Rg1 1-0

[Event "ESCC 2014 - 50+ Rapid"]
[Site "Porto POR"]
[Date "2014.03.20"]
[Round "6.7"]
[White "Chireykina, Natalia"]
[Black "Morais, Vitor"]
[Result "0-1"]
[WhiteElo "1891"]
[BlackElo "2081"]
[PlyCount "70"]
[EventDate "2014.??.??"]

1. e4 Nf6 2. Nc3 d5 3. e5 Nfd7 4. d4 e6 5. Bd3 a6 6. Nf3 c5 7. dxc5 Bxc5 8. O-O
Nc6 9. Re1 b5 10. a3 Qb6 11. Qe2 Nd4 12. Nxd4 Bxd4 13. Nd1 Bxe5 14. c3 O-O 15.
Qh5 g6 16. Qg4 Bg7 17. Qh4 Qd6 18. Bh6 Bb7 19. Bxg7 Kxg7 20. Re3 h5 21. Qg5 f5
22. Rg3 Rf6 23. Qxh5 Qxg3 24. Qe2 Qe5 25. Qd2 Rh8 26. h3 Nc5 27. Bc2 Ne4 28.
Qe3 f4 29. Qb6 Rf7 30. f3 Ng3 31. Nf2 d4 32. Ng4 Qd5 33. Bb3 Ne2+ 34. Kf2 Qxb3
35. Kxe2 Qxb2+ 0-1

[Event "ESCC 2014 - 50+ Rapid"]
[Site "Porto POR"]
[Date "2014.03.20"]
[Round "6.8"]
[White "Baliuniene, Margarita"]
[Black "Silva, Rui Almeida"]
[Result "1-0"]
[WhiteElo "1870"]
[BlackElo "1804"]
[PlyCount "95"]
[EventDate "2014.??.??"]

1. d4 d5 2. c4 e6 3. Nc3 Nf6 4. Nf3 c5 5. cxd5 exd5 6. dxc5 Bxc5 7. e3 O-O 8.
Be2 Nc6 9. O-O Bg4 10. h3 Bh5 11. b3 Re8 12. Bb2 Bb6 13. Rc1 Rc8 14. Na4 Bc7
15. Nc5 b6 16. Na6 Qd6 17. Nxc7 Rxc7 18. g4 Bg6 19. Bb5 Rec8 20. Ba6 Re8 21. a3
h6 22. b4 Nb8 23. Rxc7 Qxc7 24. Bb5 Rd8 25. Bxf6 gxf6 26. Qd4 Kg7 27. Nh4 Qe5
28. Rd1 Qxd4 29. Rxd4 a6 30. Ba4 Kf8 31. Nxg6+ fxg6 32. Bb3 Nc6 33. Rxd5 Rxd5
34. Bxd5 Ne5 35. f4 Nd7 36. Be6 Nb8 37. Bc4 Ke7 38. Kf2 Kd6 39. e4 g5 40. Ke3
a5 41. Bb5 axb4 42. axb4 Ke6 43. Bc4+ Kd6 44. f5 Ke5 45. Bb5 Kd6 46. Kd4 Nd7
47. Bxd7 Kxd7 48. Kd5 1-0

[Event "ESCC 2014 - 50+ Rapid"]
[Site "Porto POR"]
[Date "2014.03.20"]
[Round "7.1"]
[White "Sturua, Zurab"]
[Black "Fernandes, Antonio"]
[Result "1/2-1/2"]
[WhiteElo "2525"]
[BlackElo "2419"]
[PlyCount "69"]
[EventDate "2014.??.??"]

1. Nf3 Nf6 2. c4 e6 3. d4 d5 4. e3 c6 5. Bd3 Be7 6. O-O O-O 7. Nc3 Nbd7 8. b3
a6 9. e4 Bb4 10. e5 Bxc3 11. exf6 Nxf6 12. Rb1 Bb4 13. c5 Ne4 14. Qc2 f5 15.
Ne5 Ba5 16. f3 Nf6 17. Bg5 Qe8 18. g4 Nd7 19. Bf4 Bc7 20. Rbe1 Nxe5 21. Bxe5
Bxe5 22. Rxe5 Qg6 23. Kh1 Qf6 24. Qd2 Bd7 25. g5 Qd8 26. f4 a5 27. Rc1 Qc7 28.
Kg2 Rfb8 29. Qe3 Re8 30. h4 Kf8 31. h5 Rab8 32. Kg3 Ra8 33. Qe1 Ra7 34. Re2
Raa8 35. Re5 1/2-1/2

[Event "ESCC 2014 - 50+ Rapid"]
[Site "Porto POR"]
[Date "2014.03.20"]
[Round "7.2"]
[White "Kalegin, Evgenij"]
[Black "Strutinskaia, Galina"]
[Result "1-0"]
[WhiteElo "2490"]
[BlackElo "2338"]
[PlyCount "85"]
[EventDate "2014.??.??"]

1. e4 c5 2. Nf3 d6 3. c3 Nf6 4. h3 Nc6 5. Bd3 e5 6. Bc2 Be7 7. d4 Qc7 8. O-O
O-O 9. dxc5 dxc5 10. Qe2 h6 11. a4 b6 12. Na3 a6 13. Nh4 Na5 14. Nf5 Be6 15.
Qf3 Nh7 16. Qg3 Bxf5 17. exf5 Bg5 18. h4 Bxc1 19. Raxc1 c4 20. Rfe1 Rfe8 21.
Rcd1 Nf6 22. Re2 Re7 23. Rde1 Rae8 24. Nb1 b5 25. axb5 axb5 26. Nd2 Nb7 27. Ne4
Nxe4 28. Bxe4 f6 29. Bd5+ Kh8 30. Bxb7 Qxb7 31. Qe3 Qa7 32. Qe4 Rd7 33. Qc6 Rb8
34. g4 Kg8 35. g5 Qb7 36. Qe6+ Kf8 37. gxh6 Re8 38. h7 Rxe6 39. h8=Q+ Ke7 40.
fxe6 Kxe6 41. Qg8+ Rf7 42. Rd2 Qf3 43. Qc8+ 1-0

[Event "ESCC 2014 - 50+ Rapid"]
[Site "Porto POR"]
[Date "2014.03.20"]
[Round "7.3"]
[White "Gurieli, Nino"]
[Black "Arkell, Keith C"]
[Result "0-1"]
[WhiteElo "2298"]
[BlackElo "2404"]
[PlyCount "90"]
[EventDate "2014.??.??"]

1. e4 c6 2. c4 d5 3. exd5 Nf6 4. Nc3 cxd5 5. cxd5 Nxd5 6. Nf3 Nxc3 7. bxc3 g6
8. Bb5+ Nc6 9. O-O Bg7 10. d4 O-O 11. a4 Bg4 12. h3 Bxf3 13. Qxf3 Rc8 14. Ba3
a6 15. Bd3 Re8 16. Rab1 Qd7 17. Qg4 Red8 18. Qxd7 Rxd7 19. Be4 Na5 20. Bc5 e6
21. Rfd1 Bf8 22. Bb4 Bxb4 23. cxb4 Nc4 24. d5 Rcd8 25. b5 exd5 26. bxa6 bxa6
27. Bd3 Rd6 28. Bxc4 dxc4 29. Rdc1 Rc6 30. a5 c3 31. Rb6 Rc5 32. Kh2 c2 33. Rb2
Rd2 34. f4 Rc3 35. Ra2 h5 36. f5 g5 37. f6 Kh7 38. Rb2 Kg6 39. Rf1 g4 40. h4
Rh3+ 41. Kg1 Rg3 42. Rc1 Rgxg2+ 43. Kh1 Rh2+ 44. Kg1 Rhg2+ 45. Kh1 Rge2 0-1

[Event "ESCC 2014 - 50+ Rapid"]
[Site "Porto POR"]
[Date "2014.03.20"]
[Round "7.4"]
[White "Bogumil, Tatiana"]
[Black "Furman, Boris"]
[Result "0-1"]
[WhiteElo "2162"]
[BlackElo "2225"]
[PlyCount "82"]
[EventDate "2014.??.??"]

1. Nf3 d5 2. g3 Nf6 3. Bg2 c5 4. c4 d4 5. b4 cxb4 6. a3 bxa3 7. Bxa3 Nc6 8. d3
e5 9. Bxf8 Kxf8 10. O-O g6 11. Qa4 Kg7 12. Nbd2 Re8 13. Ng5 Bg4 14. Rfe1 Qc7
15. h3 Bf5 16. g4 Bd7 17. Reb1 b6 18. Qa3 h6 19. Nge4 Nxe4 20. Nxe4 f5 21. Nd6
Rf8 22. Nb5 Qd8 23. gxf5 gxf5 24. Kh2 Qh4 25. Rg1 Kh8 26. Qd6 e4 27. Qxd7 Ne5
28. Qxd4 Qf4+ 29. Kh1 Rad8 30. Qe3 Qh4 31. dxe4 Ng4 32. Qc3+ Rf6 33. Rgf1 fxe4
34. Kg1 Nxf2 35. Qe3 Rdf8 36. Nc3 a5 37. Nd5 Rf5 38. Qxb6 Nxh3+ 39. Bxh3 Rg5+
40. Bg2 Rxg2+ 41. Kxg2 Rg8+ 0-1

[Event "ESCC 2014 - 50+ Rapid"]
[Site "Porto POR"]
[Date "2014.03.20"]
[Round "7.5"]
[White "Bebchuk, Boris"]
[Black "Maryasin, Boris"]
[Result "0-1"]
[WhiteElo "2126"]
[BlackElo "2305"]
[PlyCount "98"]
[EventDate "2014.??.??"]

1. d4 d5 2. Nf3 Nf6 3. c4 dxc4 4. e3 b5 5. a4 b4 6. Bxc4 e6 7. O-O Bb7 8. a5
Be7 9. Ne5 O-O 10. a6 Bd5 11. Nd2 c5 12. Nb3 Bxc4 13. Nxc4 Qd5 14. Qe2 cxd4 15.
Nxd4 Nbd7 16. Rd1 Rac8 17. Na5 Qa8 18. f3 Bc5 19. Kh1 Ne5 20. e4 Qb8 21. Bf4
Nh5 22. Be3 Ng6 23. Rac1 Nhf4 24. Qf2 Bxd4 25. Rxc8 Qxc8 26. Bxd4 Qxa6 27. Nb3
Rd8 28. g3 Qc4 29. Na5 Qe2 30. Rc1 Rxd4 31. Qxe2 Nxe2 32. Rc8+ Nf8 33. Nc6 Rd7
34. Re8 g5 35. Nxb4 Kg7 36. Nc6 Nd4 37. Ne5 Rb7 38. Rd8 f6 39. Nd3 Nxf3 40. Ra8
Ng6 41. b4 Nge5 42. Nc5 Rxb4 43. Rxa7+ Kg6 44. Nxe6 Rb1+ 45. Kg2 Rb2+ 46. Kf1
Nxh2+ 47. Ke1 Nhf3+ 48. Kd1 Nd3 49. Nf8+ Kh5 0-1